000 00863nam a2200229Ia 4500
999 _c36186
_d36186
001 2088
003 GE_BSU
005 20221024152733.0
008 181216s1976en xx |||||||||||||| ||eng||
020 _a7769515392
040 _cGE_BSU
041 _aeng
_hrus
080 _a802.0(075.8) А-28
245 _aAdvanced English for translation
_bПеревод с англ. языка /
_cАвторы сост. Н.П. Федорова, А.И. Варшавская.
264 _aМосква :
_bСПБAkademia,
_c2004.
300 _a100 c.
_b21cm.
653 _aAdvanced English for translation
653 _aПеревод с англ. языка.
700 _aФедорова, Н.П.
_eავტორ-შემდგენელი
_915490
700 _aВаршавская, А.И.
_eავტორ-შემდგენელი
_915491
942 _cBK
_2udc